[Event "Staufer op 26th"]
[Site "Schwaebisch Gmuend"]
[Date "2014.01.02"]
[Round "1"]
[White "Mladenov, Svetlin"]
[Black "Kuenstler, Christian"]
[Result "1-0"]
[WhiteElo "2467"]
[BlackElo "2172"]
[PlyCount "69"]
[EventDate "2014.01.02"]
[EventType "swiss"]
[EventRounds "9"]
[EventCountry "GER"]
[SourceTitle "CBM 158 Extra"]
[Source "ChessBase"]
[SourceDate "2014.02.28"]
[SourceVersion "1"]
[SourceVersionDate "2014.02.28"]
[SourceQuality "1"]

1. e4 e5 2. Nf3 Nc6 3. Bb5 a6 4. Ba4 Nf6 5. 0-0 Be7 6. d3 b5 7. Bb3 d6 8. c3 0-0 9. Nbd2 Nb8 10. Re1 Nbd7 11. Nf1 h6 12. Ng3 Re8 13. a4 Bb7 14. h3 Bf8 15. Be3 d5 16. exd5 Nxd5 17. Ne4 Nxe3 18. Rxe3 Nb6 19. Ng3 Nd7 20. Qe2 Nc5 21. Bc2 Ne6 22. Re1 Nf4 23. Qd1 Qf6 24. d4 Red8 25. Be4 Bxe4 26. Nxe4 Qg6 27. Nh4 Qb6 28. Qg4 exd4 29. Rf3 Ng6 30. Nf6+ gxf6 31. Nxg6 Bg7 32. Ne7+ Kh8 33. Rg3 Rg8 34. Nxg8 Rxg8 35. Re8 1-0

[Event "Oberliga Ost-B 1213"]
[Site "Germany"]
[Date "2012.12.09"]
[Round "4.5"]
[White "Duchrow, Oliver"]
[Black "Kuenstler, Christian"]
[Result "1/2-1/2"]
[WhiteElo "2093"]
[BlackElo "2094"]
[PlyCount "141"]
[EventDate "2012.09.30"]
[EventType "team-tourn"]
[EventRounds "11"]
[EventCountry "GER"]
[SourceTitle "EXT 2014"]
[Source "ChessBase"]
[SourceDate "2013.11.20"]
[SourceVersion "1"]
[SourceVersionDate "2013.11.20"]
[SourceQuality "1"]
[WhiteTeam "Sangerhausen"]
[BlackTeam "Neuberg"]
[WhiteTeamCountry "GER"]
[BlackTeamCountry "GER"]

1. e4 e6 2. d4 d5 3. Nc3 Nf6 4. exd5 exd5 5. Bd3 Nc6 6. Nge2 Nb4 7. Bg5 Be7 8. f3 0-0 9. Qd2 Be6 10. 0-0 Qd7 11. Ng3 Nxd3 12. Qxd3 c5 13. dxc5 Qc6 14. Rad1 Qxc5+ 15. Kh1 Rac8 16. Nf5 Bxf5 17. Qxf5 d4 18. Qxc5 Rxc5 19. Ne4 Rxc2 20. Rxd4 Rxb2 21. Bxf6 Bxf6 22. Nxf6+ gxf6 23. Rd7 Re8 24. h3 Ree2 25. Rc1 Rxg2 26. Rc8+ Kg7 27. Rcc7 Rh2+ 28. Kg1 Rxh3 29. Rxf7+ Kg6 30. Rg7+ Kf5 31. Rxb7 Rg3+ 32. Rxg3 Rxb7 33. Rg2 Kf4 34. Rf2 Rg7+ 35. Kh2 Ke3 36. Rf1 f5 37. f4 Rg4 38. Rb1 Rxf4 39. Rb3+ Kf2 40. Rb2+ Kf3 41. Rb3+ Kg4 42. Rg3+ Kh4 43. Rh3+ Kg5 44. Ra3 Rf2+ 45. Kg3 Rc2 46. Rxa7 Rc3+ 47. Kg2 h5 48. a4 Kg4 49. Rg7+ Kf4 50. Rh7 Ra3 51. Rxh5 Kg4 52. Rh8 Ra2+ 53. Kf1 Kg3 54. Ra8 f4 55. a5 Ra1+ 56. Ke2 f3+ 57. Kd3 f2 58. Rg8+ Kh4 59. Rf8 f1Q+ 60. Rxf1 Rxf1 61. Kc4 Rf5 62. Kb4 Kg5 63. a6 Rf8 64. Kc5 Kf5 65. a7 Ke5 66. Kc6 Kd4 67. Kb7 Rf7+ 68. Kb6 Rf8 69. Kb7 Kc5 70. a8Q Rxa8 71. Kxa8 1/2-1/2